| Tag |
First Indicator |
Second Indicator |
Subfields |
| LEADER |
00000cam a2200000Ia 4500 |
| 001 |
in00002425585 |
| 006 |
m d |
| 007 |
cr cn||||||||| |
| 008 |
070802s2007 xx s 000 0 eng d |
| 005 |
20260609193724.9 |
| 019 |
|
|
|a 153577917
|
| 020 |
|
|
|a 9780444530134
|
| 020 |
|
|
|a 0444530134
|
| 029 |
1 |
|
|a OHX
|b har075019018
|
| 035 |
|
|
|a (OCoLC)162131375
|z (OCoLC)153577917
|
| 037 |
|
|
|a 131962:132069
|b Elsevier Science & Technology
|n http://www.sciencedirect.com
|
| 040 |
|
|
|a OPELS
|c OPELS
|d BAKER
|d OPELS
|d YDXCP
|d BTCTA
|d OHX
|d UtOrBLW
|
| 049 |
|
|
|a TEFA
|
| 050 |
1 |
4 |
|a TD535
|b .S66 2007
|
| 050 |
1 |
4 |
|a TCeb
|
| 082 |
0 |
4 |
|a 333.91/2
|2 22
|
| 245 |
0 |
0 |
|a Integrated and participatory water resources management :
|b theory /
|c edited by Rodolfo Soncini-Sessa.
|
| 264 |
|
1 |
|a Amsterdam :
|b Elsevier,
|c 2007.
|
| 300 |
|
|
|a volumes
|
| 336 |
|
|
|a text
|b txt
|2 rdacontent
|
| 337 |
|
|
|a computer
|b c
|2 rdamedia
|
| 338 |
|
|
|a online resource
|b cr
|2 rdacarrier
|
| 490 |
1 |
|
|a Developments in integrated environmental assessment ;
|v v.1 pt.1
|
| 533 |
|
|
|a Electronic reproduction.
|b Amsterdam :
|c Elsevier Science & Technology,
|d 2007.
|n Mode of access: World Wide Web.
|n System requirements: Web browser.
|n Title from title screen (viewed on July 25, 2007).
|n Access may be restricted to users at subscribing institutions.
|
| 520 |
|
|
|a Covering the more recent advances in Modelling, Planning, Management and Negotiations for Integrated Water Resource Management, this text brings together knowledge and concepts from Hydrology, System Analysis, Control Theory, Conflict Resolution, and Decision and Negotiation Theory. Without compromising on mathematical rigour, the book maintains a fine line between theory and application, methodology and tools, avoiding getting locked into excessively theoretical and formal development of the issues discussed. The non-technical aspects of water resource systems (such as societal, political and legal concerns) are recognized throughout the book as having a great, if not fundamental, importance to reaching an agreed-upon decision; they are therefore integrated into the more technical and mathematical issues. The book provides a unified, coordinated and comprehensive framework that will facilitate the increasingly appropriate application of the Integrated Water Resource Management paradigm by current and future practising professionals, decision-makers and scientists. Integration of technical modelling and control aspects with participatory and decision-making issues Insightful and comprehensive treatment of theoretical contents, supported by practical examples A wide collection of exercises and project examples based on real-world case studies (with complete solutions).
|
| 505 |
0 |
|
|a A Global View. 1. Making Decisions: a Difficult Problem. 2. From the Decision Making Procedure to MODDSS. B. The Elements of the Problems. 3. Actions, Criteria and Indicators. 4. Systems, Models and Indicators. 5. Modelling the Components. 6. Aggregated Models. C. Decision Making in the Full Rationality Conditions. 7. Identifying the Optimal Alternative. 8. Choosing among Infinite Alternatives. 9. Dealing with Risk and Uncertainty. 10. Planning the Management. 11. The Design Problem with sv Policies. 12. Off-line Non-Learning-Based Policies. 13. Off-line Learning Policies. 14. On-Line Policies. 15. Distribution Policies. D. Decision Making in Partial Rationality Conditions. 16. The Decision-Making process. 17. Choosing the Decision-Making Method. 18. Identifying Efficient Alternatives.19. Estimating the Effects. 20. Evaluation. 21. Comparison, Negotiations and the Final Decision. 22. Mitigation and compensation. E. MODSS. 23. Software Architecture of MODSSs. Appendices.
|
| 500 |
|
|
|a Electronic resource.
|
| 650 |
|
0 |
|a Water-supply
|x Management.
|
| 655 |
|
7 |
|a Electronic books.
|2 local
|
| 700 |
1 |
|
|a Soncini Sessa, Rodolfo.
|
| 776 |
1 |
|
|c Original
|z 0444530134
|z 9780444530134
|w (OCoLC)153577917
|
| 710 |
2 |
|
|a ScienceDirect (Online service)
|
| 830 |
|
0 |
|a Developments in integrated environmental assessment ;
|v v.1.
|
| 856 |
4 |
0 |
|u http://proxy.library.tamu.edu/login?url=https://www.sciencedirect.com/science?_ob=PublicationURL&_tockey=%23TOC%2340093%232007%23999989999.7998%23676153%23FLA%23&_cdi=40093&_pubType=BS&_auth=y&_acct=C000049198&_version=1&_urlVersion=0&_userid=952835&md5=853048a7d7369b09e6984f8c4f9132bc
|z Connect to the full text of this electronic book
|t 0
|
| 938 |
|
|
|a Baker & Taylor
|b BKTY
|c 160.00
|d 160.00
|i 0444530134
|n 0007275100
|s active
|
| 938 |
|
|
|a YBP Library Services
|b YANK
|n 2550059
|
| 938 |
|
|
|a Baker and Taylor
|b BTCP
|n BK0007275100
|
| 938 |
|
|
|a Otto Harrassowitz
|b HARR
|n har075019018
|c 130.00 EUR
|
| 994 |
|
|
|a C0
|b TEF
|
| 999 |
|
|
|a MARS
|
| 999 |
f |
f |
|s ddf46d68-7bde-3e97-8907-d153b63ce185
|i c7dc7193-1797-3d18-a2bf-815708482ede
|t 0
|
| 952 |
f |
f |
|a Texas A&M University
|b College Station
|c Electronic Resources
|s www_evans
|d Available Online
|t 0
|e TCeb
|h Other scheme
|
| 998 |
f |
f |
|a TCeb
|t 0
|l Available Online
|